000 00474nam a2200157Ia 4500
008 210716s2006 xx 000 0 und d
020 _a0072830085
041 _aeng
082 _a657.42 HILR
100 _aHilton, Ronald W;Maher, Michael W;Selto, Frank H.
245 _aCost management: strategies for business decisions.
_bStrategies for business decisions.
250 _a3
260 _aBoston
_bMcGraw Hill
_c2006
300 _axxxvii,914
650 _aCost Accounting
999 _c201677
_d201677